=LDR 00000nam 2200000 4500 =001 INLIS000000000025223 =005 20130612123741 =008 ***********************************ind** =035 ##$$0010-061300000025223 =041 ##$$a ind =082 ##$$a 372.8 =090 ##$$a 372.8, IDE b =100 ##$$a Idel, Ahmad Antoni =245 ##$$a Buku pintar IPS SD, Panduan Sukses belajar dan EBTANAS SD untuk SD Kelas 4, 5, 6, Ahmad Antoni Idel, Diana Fadhillah =260 ##$$a 200? $b Surabaya =300 ##$$a x, 222 hlm., 21 cm =650 ##$$a Ilmu Pengetahuan Sosial =700 ##$$a Fadhillah, Diana =850 ##$$a NBPNMAT =990 ##$$a 83738373 =990 ##$$a 00093232 =990 ##$$a 161874/Pro.2001 =990 ##$$a 00053878